[Event "Manny Pacquiao op"]
[Site "General Santos City"]
[Date "2022.12.15"]
[Round "6"]
[White "De Guzman, Ricardo"]
[Black "Nolte, Rolando"]
[Result "0-1"]
[WhiteElo "2328"]
[BlackElo "2387"]
[PlyCount "68"]
[EventDate "2022.12.13"]
[EventType "swiss"]
[EventRounds "9"]
[EventCountry "PHI"]
[SourceTitle "EXT 2024"]
[Source "ChessBase"]
[SourceDate "2023.10.10"]
[SourceVersion "1"]
[SourceVersionDate "2023.10.10"]
[SourceQuality "1"]

1. d4 Nf6 2. Nf3 g6 3. Bg5 Bg7 4. Nbd2 d5 5. e3 0-0 6. Be2 c5 7. c3 Qb6 8. Qb3 Nc6 9. 0-0 Bf5 10. Rfc1 c4 11. Qa3 h6 12. Bh4 g5 13. Bg3 Nh5 14. b3 Nxg3 15. hxg3 cxb3 16. axb3 Rfd8 17. b4 a6 18. Nb3 e5 19. Nc5 Re8 20. b5 axb5 21. Qxa8 Rxa8 22. Rxa8+ Kh7 23. g4 Bg6 24. Raa1 b4 25. Na4 Qd8 26. cxb4 exd4 27. b5 Na5 28. Ra2 Nb3 29. Rd1 d3 30. Bf1 Qa5 31. Ne1 Nc1 32. Rad2 Ne2+ 33. Bxe2 dxe2 34. Rxe2 Qxa4 0-1

[Event "PHI-ch"]
[Site "Mactan City"]
[Date "2021.12.14"]
[Round "10"]
[White "De Guzman, Ricardo"]
[Black "Frayna, Janelle Mae"]
[Result "1/2-1/2"]
[WhiteElo "2344"]
[BlackElo "2190"]
[PlyCount "131"]
[EventDate "2021.12.09"]
[EventType "tourn"]
[EventRounds "11"]
[EventCountry "PHI"]
[EventCategory "3"]
[SourceTitle "CBM 205 Extra"]
[Source "ChessBase"]
[SourceDate "2022.01.31"]
[SourceVersion "1"]
[SourceVersionDate "2022.01.31"]
[SourceQuality "1"]

1. d4 Nf6 2. Nf3 d5 3. c3 c5 4. Bf4 cxd4 5. cxd4 Nc6 6. Nc3 Bf5 7. e3 e6 8. Bb5 Bd6 9. Qa4 0-0 10. Bxd6 Qxd6 11. Bxc6 bxc6 12. 0-0 c5 13. Qa3 Rfc8 14. Rfc1 Qf8 15. dxc5 Qxc5 16. Qxc5 Rxc5 17. Na4 Rcc8 18. Nd4 Bd3 19. b3 Nd7 20. f3 Kf8 21. Nb2 Ba6 22. Kf2 Ke7 23. Ke1 Kd6 24. Kd2 g6 25. Na4 e5 26. Rxc8 Rxc8 27. Nc2 g5 28. Nb4 Bb7 29. Nc3 a5 30. Nc2 f5 31. h4 Rg8 32. Rh1 gxh4 33. Ne1 Bc6 34. Rxh4 Nf6 35. a3 Rb8 36. b4 axb4 37. axb4 Be8 38. f4 exf4 39. Rxf4 Bg6 40. Nc2 Nd7 41. Nd4 Ne5 42. Ndb5+ Kc6 43. Na3 Kd6 44. Ncb5+ Kd7 45. Nc3 Kd6 46. b5 Nd7 47. Ra4 Nb6 48. Ra7 Nc4+ 49. Nxc4+ dxc4 50. Ra6+ Kc5 51. Rc6+ Kb4 52. Rd6 Kc5 53. Rd7 Kb4 54. b6 Be8 55. Rxh7 Kb3 56. Ne2 Rxb6 57. Nd4+ Kb4 58. Nc2+ Kb3 59. Rc7 Ba4 60. Nd4+ Kb4 61. Nxf5 Bc6 62. Nd4 Bxg2 63. Nc2+ Kb3 64. Nd4+ Kb4 65. Nc2+ Kb3 66. Nd4+ 1/2-1/2

[Event "PHI-ch"]
[Site "Mactan City"]
[Date "2021.12.12"]
[Round "6"]
[White "De Guzman, Ricardo"]
[Black "Dableo, Ronald"]
[Result "0-1"]
[WhiteElo "2344"]
[BlackElo "2407"]
[PlyCount "124"]
[EventDate "2021.12.09"]
[EventType "tourn"]
[EventRounds "11"]
[EventCountry "PHI"]
[EventCategory "3"]
[SourceTitle "CBM 205 Extra"]
[Source "ChessBase"]
[SourceDate "2022.01.31"]
[SourceVersion "1"]
[SourceVersionDate "2022.01.31"]
[SourceQuality "1"]

1. d4 g6 2. Nf3 Bg7 3. c3 d6 4. e4 c6 5. Bd3 Nd7 6. 0-0 Qc7 7. a4 Ngf6 8. Re1 e5 9. Na3 0-0 10. Bc2 Re8 11. Bg5 h6 12. Bh4 Nh5 13. Qd2 Ndf6 14. Nc4 Bf8 15. a5 Rb8 16. b4 Bg4 17. dxe5 dxe5 18. Qe3 g5 19. Bg3 Nxg3 20. hxg3 a6 21. Ba4 Rbc8 22. Rad1 Nd7 23. Rd3 Be6 24. Red1 Nc5 25. bxc5 Bxc4 26. Rd7 Qxa5 27. Bc2 Qxc5 28. Qxc5 Bxc5 29. Rxb7 g4 30. Nd2 Be6 31. Nb3 Bf8 32. Na5 Bc5 33. Kf1 Re7 34. Rdb1 Rxb7 35. Rxb7 Rd8 36. Ke2 Bxf2 37. Bd3 Bxg3 38. Nxc6 Ra8 39. Na5 h5 40. Rb1 h4 41. Bc4 Kg7 42. Bxe6 fxe6 43. c4 Rc8 44. Kd3 Kf6 45. Nb3 Kg5 46. Rh1 Bf2 47. Rf1 g3 48. Rh1 Rh8 49. Rh3 Rd8+ 50. Ke2 a5 51. Nd2 a4 52. Nf3+ Kf6 53. Rxh4 a3 54. Rh6+ Kg7 55. Rh1 a2 56. Nd2 Rb8 57. Ra1 Rb2 58. Kd3 Bd4 59. c5 Bxc5 60. Nc4 Rxg2 61. Nxe5 Rf2 62. Ng4 g2 0-1

[Event "Asian-ch Seniors 50"]
[Site "Chess.com INT"]
[Date "2020.07.21"]
[Round "5.2"]
[White "Kiran, Panditrao"]
[Black "De Guzman, Ricardo"]
[Result "0-1"]
[WhiteElo "2026"]
[BlackElo "2261"]
[PlyCount "24"]
[EventDate "2020.07.21"]
[EventType "swiss"]
[EventRounds "9"]
[EventCountry "UAE"]
[SourceTitle "EXT 2024"]
[Source "ChessBase"]
[SourceDate "2023.10.10"]
[SourceVersion "1"]
[SourceVersionDate "2023.10.10"]
[SourceQuality "1"]

1. Nf3 Nf6 2. c4 c6 3. d4 d6 4. b3 Bg4 5. Bb2 Nbd7 6. Qc2 e5 7. dxe5 dxe5 8. Nxe5 Bb4+ 9. Bc3 Bxc3+ 10. Qxc3 Ne4 11. Qe3 Qa5+ 12. Kd1 Qxe5 0-1

[Event "PHI-ch"]
[Site "Quezon City"]
[Date "2019.11.26"]
[Round "11"]
[White "De Guzman, Ricardo"]
[Black "Garcia, Jan Emmanuel"]
[Result "1/2-1/2"]
[WhiteElo "2362"]
[BlackElo "2426"]
[PlyCount "62"]
[EventDate "2019.11.20"]
[EventType "tourn"]
[EventRounds "11"]
[EventCountry "PHI"]
[EventCategory "6"]
[SourceTitle "CBM 193 Extra"]
[Source "ChessBase"]
[SourceDate "2020.01.31"]
[SourceVersion "1"]
[SourceVersionDate "2020.01.31"]
[SourceQuality "1"]

1. d4 Nf6 2. Nf3 g6 3. Bg5 Bg7 4. Nbd2 0-0 5. e4 d5 6. exd5 Nxd5 7. c3 c5 8. dxc5 h6 9. Bh4 Nf4 10. Bg3 Nd3+ 11. Bxd3 Qxd3 12. Nb3 Qa6 13. Qe2 Be6 14. Qxa6 Nxa6 15. 0-0 Rac8 16. Nfd4 Bxb3 17. Nxb3 Nxc5 18. Rfe1 Bf6 19. Nxc5 Rxc5 20. Rad1 Rfc8 21. Kf1 b5 22. Rd7 a5 23. Rb7 Rd5 24. Bf4 Kg7 25. Be3 e6 26. a3 a4 27. Ke2 Rcd8 28. Rc1 Bg5 29. f4 Bf6 30. c4 bxc4 31. Rxc4 R8d7 1/2-1/2

[Event "Subic Bay op"]
[Site "Subic Bay"]
[Date "2016.12.10"]
[Round "7"]
[White "De Guzman, Ricardo"]
[Black "Frayna, Janelle Mae"]
[Result "1-0"]
[WhiteElo "2364"]
[BlackElo "2320"]
[PlyCount "71"]
[EventDate "2016.12.06"]
[EventType "swiss"]
[EventRounds "9"]
[EventCountry "PHI"]
[SourceTitle "CBM 176 Extra"]
[Source "ChessBase"]
[SourceDate "2017.03.02"]
[SourceVersion "1"]
[SourceVersionDate "2017.03.02"]
[SourceQuality "1"]

1. d4 Nf6 2. Nf3 g6 3. Bg5 Bg7 4. Nbd2 0-0 5. c3 d6 6. e3 Nbd7 7. Bd3 Qe8 8. 0-0 e5 9. e4 h6 10. Bh4 Nh5 11. Re1 Nf4 12. Bf1 Kh7 13. Qc2 Nf6 14. Nc4 Ng8 15. h3 Bd7 16. Bg3 Qe7 17. Bxf4 exf4 18. Qd2 g5 19. Bd3 Kh8 20. Bc2 b5 21. Na5 f5 22. Qd3 Qf7 23. exf5 Ne7 24. Bb3 Qxf5 25. Qxf5 Nxf5 26. Bd5 Rae8 27. Bc6 Bxc6 28. Nxc6 a6 29. Kf1 Bf6 30. Rxe8 Rxe8 31. a4 h5 32. axb5 axb5 33. Ra5 g4 34. hxg4 hxg4 35. Nd2 Kg8 36. Rxb5 1-0

[Event "North American op 24th"]
[Site "Las Vegas"]
[Date "2014.12.29"]
[Round "7"]
[White "Becerra Rivero, Julio"]
[Black "De Guzman, Ricardo"]
[Result "1-0"]
[WhiteElo "2546"]
[BlackElo "2386"]
[PlyCount "98"]
[EventDate "2014.12.26"]
[EventType "swiss"]
[EventRounds "9"]
[EventCountry "USA"]
[SourceTitle "CBM 164 Extra"]
[Source "ChessBase"]
[SourceDate "2015.03.02"]
[SourceVersion "1"]
[SourceVersionDate "2015.03.02"]
[SourceQuality "1"]

1. e4 e5 2. Nf3 Nc6 3. Bb5 a6 4. Ba4 Nf6 5. 0-0 Be7 6. Re1 b5 7. Bb3 d6 8. c3 0-0 9. d3 Na5 10. Bc2 c5 11. Nbd2 Nc6 12. Nf1 Re8 13. Bg5 h6 14. Bxf6 Bxf6 15. Ne3 g6 16. a4 Rb8 17. axb5 axb5 18. Bb3 Bg7 19. h4 Rf8 20. h5 gxh5 21. g3 Bf6 22. Kg2 h4 23. Rh1 h3+ 24. Kg1 Kh7 25. Nh2 Bg5 26. Nhf1 Qf6 27. Qh5 c4 28. Bc2 cxd3 29. Bxd3 b4 30. Qe2 bxc3 31. bxc3 Rg8 32. Nd5 Qg6 33. Nfe3 Kh8 34. Nf5 Bd7 35. Rxh3 Ra8 36. Rd1 Ra5 37. Bb1 Qh7 38. Kg2 Rg6 39. Rhh1 Qg8 40. Nde3 Rc5 41. Qd3 Bf4 42. Ba2 Be6 43. Bd5 Qf8 44. Ra1 Bxe3 45. Nxe3 Kg7 46. Ra6 Qc8 47. Bxe6 fxe6 48. Qxd6 Rxc3 49. Rha1 Kh7 1-0

[Event "Las Vegas Millionaire op"]
[Site "Las Vegas"]
[Date "2014.10.13"]
[Round "8"]
[White "De Guzman, Ricardo"]
[Black "Davis, Tony"]
[Result "1-0"]
[WhiteElo "2379"]
[BlackElo "2218"]
[PlyCount "81"]
[EventDate "2014.10.09"]
[EventType "swiss"]
[EventRounds "9"]
[EventCountry "USA"]
[SourceTitle "CBM 162 Extra"]
[Source "ChessBase"]
[SourceDate "2014.10.17"]
[SourceVersion "1"]
[SourceVersionDate "2014.10.17"]
[SourceQuality "1"]

1. d4 Nf6 2. Nf3 d5 3. Bg5 e6 4. Nbd2 Be7 5. c3 Nbd7 6. e3 h6 7. Bh4 b6 8. a4 a5 9. Bb5 0-0 10. Bc6 Ra7 11. 0-0 Bb7 12. Bb5 Ne4 13. Bxe7 Qxe7 14. Bxd7 Qxd7 15. Ne5 Qe7 16. f3 Nxd2 17. Qxd2 Qe8 18. Qc2 f6 19. Ng6 Rf7 20. f4 c5 21. h4 Bc6 22. g4 Qb8 23. Rf2 Be8 24. g5 f5 25. Rg2 Kh7 26. Ne5 Rfc7 27. Kh2 b5 28. axb5 Qxb5 29. Qf2 Bh5 30. Qg3 Qe8 31. dxc5 Rxc5 32. Qf2 Rcc7 33. Qd2 Qb5 34. Qd4 Qc5 35. g6+ Kg8 36. Qxc5 Rxc5 37. b4 Rxc3 38. bxa5 Rxe3 39. a6 Kf8 40. Rb1 Ra8 41. a7 1-0

[Event "Las Vegas Millionaire op"]
[Site "Las Vegas"]
[Date "2014.10.13"]
[Round "9"]
[White "Pakleza, Zbigniew"]
[Black "De Guzman, Ricardo"]
[Result "1/2-1/2"]
[WhiteElo "2509"]
[BlackElo "2379"]
[PlyCount "61"]
[EventDate "2014.10.09"]
[EventType "swiss"]
[EventRounds "9"]
[EventCountry "USA"]
[SourceTitle "CBM 162 Extra"]
[Source "ChessBase"]
[SourceDate "2014.10.17"]
[SourceVersion "1"]
[SourceVersionDate "2014.10.17"]
[SourceQuality "1"]

1. d4 Nf6 2. Nf3 e6 3. Bf4 b6 4. e3 Bb7 5. h3 c5 6. c3 Be7 7. Nbd2 0-0 8. Bd3 cxd4 9. cxd4 Nc6 10. a3 a6 11. 0-0 b5 12. e4 d6 13. Qe2 Qb6 14. Be3 Qd8 15. Rfd1 Re8 16. Rac1 g6 17. Bb1 Rc8 18. e5 Nd5 19. Ne4 f5 20. Nxd6 Bxd6 21. exd6 Qxd6 22. Bh6 Nd8 23. Rxc8 Bxc8 24. Qe5 Qxe5 25. Nxe5 Nf7 26. Nxf7 Kxf7 27. Ba2 Bb7 28. Bxd5 Bxd5 29. Rc1 Bb7 30. Bg5 Rc8 31. Rxc8 1/2-1/2

[Event "Las Vegas Millionaire op"]
[Site "Las Vegas"]
[Date "2014.10.11"]
[Round "6"]
[White "De Guzman, Ricardo"]
[Black "Kulaots, Kaido"]
[Result "0-1"]
[WhiteElo "2379"]
[BlackElo "2564"]
[PlyCount "119"]
[EventDate "2014.10.09"]
[EventType "swiss"]
[EventRounds "9"]
[EventCountry "USA"]
[SourceTitle "CBM 162 Extra"]
[Source "ChessBase"]
[SourceDate "2014.10.17"]
[SourceVersion "1"]
[SourceVersionDate "2014.10.17"]
[SourceQuality "1"]

1. d4 Nf6 2. Nf3 g6 3. Bg5 Bg7 4. Nbd2 0-0 5. c3 d6 6. e3 Nbd7 7. Bd3 b6 8. 0-0 Bb7 9. e4 e5 10. Re1 Qe8 11. a4 a6 12. Qc2 h6 13. Bh4 Nh5 14. Rad1 Kh8 15. Bg3 Qe7 16. Nc4 Nxg3 17. hxg3 Rae8 18. dxe5 dxe5 19. b4 Qd8 20. Bf1 Qc8 21. Ne3 Nf6 22. Nd5 Bxd5 23. exd5 e4 24. Nh2 Rd8 25. Bc4 Rd6 26. Nf1 c6 27. Ne3 cxd5 28. Bxd5 Nxd5 29. Nxd5 f5 30. c4 Kh7 31. Qb3 h5 32. Ne3 Rfd8 33. Rxd6 Rxd6 34. Rd1 Rd4 35. Kf1 Qe6 36. Rxd4 Bxd4 37. Nd5 Qe5 38. c5 bxc5 39. b5 axb5 40. axb5 Kg7 41. Ke2 h4 42. Nf4 hxg3 43. Qxg3 Qe8 44. Qb3 g5 45. Ne6+ Kf6 46. Nxd4 cxd4 47. b6 d3+ 48. Kd2 f4 49. Qb2+ Kf5 50. b7 e3+ 51. Kxd3 exf2 52. Qxf2 Qb5+ 53. Kc3 Qxb7 54. Qe2 Qc6+ 55. Kd2 Qd5+ 56. Ke1 Qe4 57. Qxe4+ Kxe4 58. Ke2 g4 59. Kf2 Kd3 60. Kf1 0-1

[Event "Bay Area op"]
[Site "Santa Clara"]
[Date "2014.01.08"]
[Round "9"]
[White "Cornejo, Max"]
[Black "De Guzman, Ricardo"]
[Result "1/2-1/2"]
[WhiteElo "2365"]
[BlackElo "2109"]
[PlyCount "151"]
[EventDate "2014.01.02"]
[EventType "swiss"]
[EventRounds "9"]
[EventCountry "USA"]
[SourceTitle "CBM 158 Extra"]
[Source "ChessBase"]
[SourceDate "2014.02.28"]
[SourceVersion "1"]
[SourceVersionDate "2014.02.28"]
[SourceQuality "1"]

1. e4 e5 2. Nf3 Nc6 3. Bc4 Be7 4. d4 d6 5. Nc3 Nf6 6. d5 Nb8 7. h3 a6 8. a4 Nbd7 9. Be3 Nf8 10. Be2 Ng6 11. g3 Bd7 12. Nd2 Qc8 13. h4 Ng4 14. Nf1 0-0 15. h5 Nxe3 16. Nxe3 Nh8 17. Bd3 Bg5 18. Nf5 g6 19. Qg4 h6 20. Qxg5 hxg5 21. Ne7+ Kg7 22. Nxc8 Raxc8 23. Kd2 f6 24. Rh2 gxh5 25. Rxh5 Ng6 26. Rah1 Rh8 27. Rxh8 Nxh8 28. b4 Ng6 29. a5 Ne7 30. Nd1 f5 31. exf5 Nxd5 32. Be4 Nf6 33. Bxb7 Rb8 34. Bxa6 Rxb4 35. Bd3 e4 36. Be2 Rd4+ 37. Kc3 Ra4 38. a6 Bxf5 39. Kb3 Ra5 40. Nc3 c5 41. Kb2 d5 42. Ra1 Rxa1 43. Kxa1 Bc8 44. a7 Bb7 45. Na4 Nd7 46. Bb5 Ne5 47. Nxc5 Ba8 48. Ne6+ Kf6 49. Nc7 Bb7 50. Ba6 Bc6 51. Be2 d4 52. Kb1 d3 53. cxd3 exd3 54. Bd1 Nc4 55. a8Q Bxa8 56. Nxa8 Nd2+ 57. Kc1 Ne4 58. f3 Nxg3 59. Kd2 g4 60. fxg4 Kg5 61. Kxd3 Kf4 62. Nc7 Nh1 63. Nd5+ Ke5 64. Ke3 Ng3 65. Bf3 Nf1+ 66. Ke2 Nh2 67. Ne3 Kf4 68. Ng2+ Kg5 69. Ne3 Kf4 70. Nd5+ Kg5 71. Ne3 Kf4 72. g5 Nxf3 73. g6 Nd4+ 74. Kd3 Ne6 75. g7 Nxg7 76. Nf1 1/2-1/2

[Event "Bay Area op"]
[Site "Santa Clara"]
[Date "2014.01.03"]
[Round "3"]
[White "Naroditsky, Daniel"]
[Black "De Guzman, Ricardo"]
[Result "1/2-1/2"]
[WhiteElo "2535"]
[BlackElo "2109"]
[PlyCount "184"]
[EventDate "2014.01.02"]
[EventType "swiss"]
[EventRounds "9"]
[EventCountry "USA"]
[SourceTitle "CBM 158 Extra"]
[Source "ChessBase"]
[SourceDate "2014.02.28"]
[SourceVersion "1"]
[SourceVersionDate "2014.02.28"]
[SourceQuality "1"]

1. e4 e5 2. Nf3 Nc6 3. Bb5 a6 4. Ba4 Nf6 5. 0-0 Be7 6. Re1 b5 7. Bb3 d6 8. c3 0-0 9. h3 Na5 10. Bc2 c5 11. d4 Qc7 12. Nbd2 Bd7 13. Nf1 Rfe8 14. Bg5 h6 15. Bh4 Nc4 16. b3 Na3 17. dxe5 dxe5 18. Ne3 Rad8 19. Bxf6 Bxf6 20. Nd5 Qd6 21. Qc1 Nxc2 22. Qxc2 g6 23. a4 Bg7 24. axb5 axb5 25. c4 bxc4 26. bxc4 Ra8 27. Reb1 Rxa1 28. Rxa1 Be6 29. Nd2 Rb8 30. Ra5 Bf8 31. Qa2 Qd8 32. Nf3 Bd6 33. Ra7 Kg7 34. Qa1 Bxd5 35. cxd5 Qf6 36. Nd2 Rb4 37. Ra6 Rd4 38. Qc3 c4 39. Qc2 c3 40. Qxc3 Qe7 41. Nf3 Rd1+ 42. Kh2 Qf6 43. g3 Bb4 44. Rxf6 Bxc3 45. Rc6 Bd4 46. Kg2 Kf8 47. g4 Ke7 48. h4 Bb2 49. h5 gxh5 50. gxh5 f5 51. Nh4 fxe4 52. Nf5+ Kd7 53. Rxh6 Rxd5 54. Rb6 Bd4 55. Rg6 Ra5 56. Rg8 Ke6 57. h6 Ra7 58. Ng7+ Kf6 59. Nh5+ Ke6 60. Ng7+ Kf6 61. Ne8+ Ke6 62. Rg6+ Kf5 63. Rg7 Ra6 64. Rf7+ Kg5 65. h7 Rh6 66. Kf1 Rh1+ 67. Ke2 Kg6 68. Rg7+ Kf5 69. Kd2 Rh2 70. Kd1 Ke6 71. Rb7 Bxf2 72. Ng7+ Kf6 73. Ne8+ Ke6 74. Ng7+ Kd5 75. Nf5 Bc5 76. Ng3 e3 77. Ne2 Kc4 78. Rc7 Kd5 79. Nc3+ Kd6 80. Rc8 e2+ 81. Ke1 Bb4 82. h8Q Bxc3+ 83. Rxc3 Rxh8 84. Kxe2 Kd5 85. Ra3 Rh2+ 86. Ke1 Kd4 87. Rb3 e4 88. Ra3 Rc2 89. Rh3 e3 90. Rh8 Rc5 91. Rd8+ Rd5 92. Rxd5+ Kxd5 1/2-1/2

[Event "Northern California op"]
[Site "Fremont"]
[Date "2012.01.06"]
[Round "7"]
[White "De Guzman, Ricardo"]
[Black "Friedel, Joshua E"]
[Result "0-1"]
[WhiteElo "2393"]
[BlackElo "2523"]
[PlyCount "94"]
[EventDate "2012.01.02"]
[EventType "swiss"]
[EventRounds "9"]
[EventCountry "USA"]
[SourceTitle "CBM 146 Extra"]
[Source "ChessBase"]
[SourceDate "2012.02.29"]
[SourceVersion "1"]
[SourceVersionDate "2012.02.29"]
[SourceQuality "1"]

1. d4 Nf6 2. Nf3 d5 3. Bg5 Ne4 4. Bf4 Bf5 5. e3 e6 6. Nbd2 Bd6 7. Bg3 Nd7 8. c4 0-0 9. Nxe4 dxe4 10. Bxd6 cxd6 11. Nd2 e5 12. Nb3 a5 13. a4 Qb6 14. Be2 Qb4+ 15. Kf1 Nb6 16. Nc1 Nxc4 17. b3 Nd2+ 18. Kg1 Qc3 19. Ra2 Rac8 20. Rxd2 Qxc1 21. g4 Be6 22. Kg2 Qc3 23. d5 Bd7 24. Rf1 Qb4 25. Rc2 Rxc2 26. Qxc2 Rc8 27. Qb2 h5 28. Rc1 hxg4 29. Rxc8+ Bxc8 30. Qc2 Qc5 31. Qxe4 f5 32. Qd3 Kf7 33. h3 gxh3+ 34. Kxh3 Kf6 35. Kg2 Bd7 36. f4 g5 37. Qd2 Qb4 38. fxg5+ Kxg5 39. Qd1 Qe4+ 40. Kf2 Qh4+ 41. Kg2 f4 42. exf4+ exf4 43. Qd3 Bf5 44. Qc3 Be4+ 45. Kf1 Qh1+ 46. Kf2 Qg2+ 47. Ke1 Qg3+ 0-1

[Event "Northern California op"]
[Site "Fremont"]
[Date "2012.01.05"]
[Round "5"]
[White "De Guzman, Ricardo"]
[Black "Studen, Damir"]
[Result "1-0"]
[WhiteElo "2393"]
[BlackElo "2248"]
[PlyCount "51"]
[EventDate "2012.01.02"]
[EventType "swiss"]
[EventRounds "9"]
[EventCountry "USA"]
[SourceTitle "CBM 146 Extra"]
[Source "ChessBase"]
[SourceDate "2012.02.29"]
[SourceVersion "1"]
[SourceVersionDate "2012.02.29"]
[SourceQuality "1"]

1. d4 Nf6 2. Nf3 d5 3. Bg5 e6 4. Nbd2 c5 5. e3 Nc6 6. c3 Be7 7. Bd3 0-0 8. a3 b6 9. b4 a6 10. Rc1 Qc7 11. 0-0 e5 12. e4 Be6 13. dxe5 Ng4 14. Bf4 Ngxe5 15. Nxe5 Nxe5 16. exd5 Bxd5 17. Re1 Bd6 18. Bxe5 Bxe5 19. Qh5 Bxh2+ 20. Kh1 f5 21. Bxf5 g6 22. Bxg6 hxg6 23. Qxd5+ Kg7 24. Nf3 Bf4 25. Rcd1 Rf7 26. Qxa8 1-0

[Event "Northern California op"]
[Site "Fremont"]
[Date "2012.01.05"]
[Round "6"]
[White "Hunt, Adam"]
[Black "De Guzman, Ricardo"]
[Result "0-1"]
[WhiteElo "2462"]
[BlackElo "2393"]
[PlyCount "132"]
[EventDate "2012.01.02"]
[EventType "swiss"]
[EventRounds "9"]
[EventCountry "USA"]
[SourceTitle "CBM 146 Extra"]
[Source "ChessBase"]
[SourceDate "2012.02.29"]
[SourceVersion "1"]
[SourceVersionDate "2012.02.29"]
[SourceQuality "1"]

1. e4 e5 2. Nf3 Nc6 3. Bb5 a6 4. Ba4 Nf6 5. 0-0 Be7 6. Qe2 b5 7. Bb3 0-0 8. c3 d6 9. Rd1 Na5 10. Bc2 c5 11. d3 Re8 12. Nbd2 Bf8 13. Nf1 g6 14. Ng3 Bg7 15. h3 Qc7 16. Nh2 d5 17. Ng4 Nxg4 18. hxg4 d4 19. Bd2 Be6 20. cxd4 Nc6 21. Be3 Nxd4 22. Bxd4 exd4 23. Nf1 c4 24. g3 Rad8 25. Re1 Qd7 26. Nh2 c3 27. b3 f5 28. gxf5 gxf5 29. Rad1 Qf7 30. f4 b4 31. Nf3 Qg6 32. Kf2 h6 33. Rh1 a5 34. Rb1 Qf7 35. e5 Qa7 36. Rh5 Qf7 37. Rh2 Bf8 38. Rbh1 Qg6 39. Nh4 Qf7 40. Nf3 Qg6 41. Nh4 Qg4 42. Nf3 a4 43. Bd1 axb3 44. Bxb3 Bxb3 45. axb3 Ra8 46. Rg1 Ra6 47. Rh4 Qg6 48. g4 Kf7 49. g5 h5 50. e6+ Raxe6 51. Ne5+ Kg8 52. Rxh5 Bg7 53. Rh6 Qf7 54. Qf3 Bxe5 55. fxe5 Rxe5 56. Rgh1 Re2+ 57. Qxe2 Rxe2+ 58. Kxe2 Qe7+ 59. Kd1 Qe3 60. Rh8+ Kg7 61. R8h7+ Kg6 62. R7h6+ Kxg5 63. R6h5+ Kg6 64. R5h2 Qxd3+ 65. Kc1 Qe3+ 66. Kb1 d3 0-1

[Event "Northern California op"]
[Site "Fremont"]
[Date "2012.01.03"]
[Round "2"]
[White "Margvelashvili, Giorgi"]
[Black "De Guzman, Ricardo"]
[Result "1-0"]
[WhiteElo "2531"]
[BlackElo "2393"]
[PlyCount "101"]
[EventDate "2012.01.02"]
[EventType "swiss"]
[EventRounds "9"]
[EventCountry "USA"]
[SourceTitle "CBM 146 Extra"]
[Source "ChessBase"]
[SourceDate "2012.02.29"]
[SourceVersion "1"]
[SourceVersionDate "2012.02.29"]
[SourceQuality "1"]

1. d4 Nf6 2. c4 g6 3. Nf3 Bg7 4. g3 0-0 5. Bg2 d6 6. 0-0 c6 7. Nc3 Qa5 8. Nd2 Nbd7 9. e4 c5 10. d5 a6 11. Qc2 Re8 12. a4 e6 13. h3 Rb8 14. Kh2 h5 15. f4 exd5 16. cxd5 Qc7 17. a5 b5 18. axb6 Nxb6 19. b3 Nh7 20. Bb2 f5 21. Rae1 c4 22. Nd1 Bd7 23. Bxg7 Kxg7 24. bxc4 Nf6 25. Qc3 Na4 26. Qa1 Qa5 27. Re2 h4 28. gxh4 Qd8 29. e5 Kh6 30. e6 Nc5 31. Nf3 Nh5 32. Ng5 Qf6 33. Qxf6 Nxf6 34. Nf7+ Kg7 35. Nxd6 Re7 36. Bf3 Rb6 37. Nf7 Rxf7 38. exf7 Rb4 39. Ne3 Kxf7 40. Ra1 Ba4 41. h5 Rb3 42. hxg6+ Kxg6 43. Ng2 Kf7 44. Nh4 Rc3 45. Rae1 Nfe4 46. Bxe4 fxe4 47. Nf5 Bd7 48. Nd6+ Kf8 49. Re3 Rc2+ 50. R1e2 Rc1 51. Ra3 1-0

[Event "San Francisco Smyslov Memorial"]
[Site "San Francisco"]
[Date "2010.??.??"]
[Round "4"]
[White "Lee, Andy C"]
[Black "De Guzman, Ricardo"]
[Result "1-0"]
[WhiteElo "2302"]
[BlackElo "2395"]
[PlyCount "91"]
[EventDate "2010.06.15"]
[EventType "tourn"]
[EventRounds "9"]
[EventCountry "USA"]
[EventCategory "3"]
[SourceTitle "EXT 2011"]
[Source "ChessBase"]
[SourceDate "2010.11.26"]
[SourceVersion "1"]
[SourceVersionDate "2010.11.26"]
[SourceQuality "1"]

1. e4 d6 2. d4 Nf6 3. Nc3 g6 4. Be3 Bg7 5. Qd2 c6 6. f3 h5 7. 0-0-0 b5 8. Kb1 a6 9. Nh3 Bxh3 10. gxh3 Nbd7 11. Qg2 e5 12. dxe5 dxe5 13. f4 b4 14. Na4 Qa5 15. Bc4 Qxa4 16. Bxf7+ Kxf7 17. Rhg1 Nf8 18. fxe5 b3 19. axb3 Qxe4 20. exf6 Qxg2 21. fxg7 Qxg1 22. gxh8N+ Kg7 23. Bxg1 Kxh8 24. Rd6 Rc8 25. b4 Kg7 26. Ka2 Kf7 27. Bc5 Rc7 28. Rd3 Nd7 29. Rf3+ Ke6 30. Bd4 Kd5 31. c3 a5 32. bxa5 c5 33. Bf2 Ne5 34. Rf6 Nd3 35. Bg3 Rb7 36. b3 h4 37. Bxh4 c4 38. b4 Re7 39. Rf5+ gxf5 40. Bxe7 Kc6 41. h4 Nf4 42. Kb2 Nd5 43. Bc5 Nf6 44. Bd4 Nh5 45. Be5 f4 46. Kc2 1-0